000 01148cam a22002653a 4500
001 14203
003 PGUSA
005 20140828083314.0
008 041129s2004||||xxu|||||s|||||000 e eng d
040 _aPGUSA
_beng
042 _adc
050 4 _aPR
100 1 _aChesterton, G. K.
_q(Gilbert Keith),
_d1874-1936
245 1 0 _aVaried Types
_h[electronic resource] /
_cG. K. Chesterton
260 _bProject Gutenberg,
_c2004
505 0 _aCharlotte Brontë -- William Morris and his school -- The optimism of Byron -- Pope and the art of satire -- Francis -- Rostand -- Charles II -- Stevenson -- Thomas Carlyle -- Tolstoy and the cult of simplicity -- Savonarola -- The position of Sir Walter Scott -- Bret Harte -- Alfred the Great -- Maeterlinck -- Ruskin -- Queen Victoria -- The German emperor -- Tennyson -- Elizabeth Barrett Browning.
506 _aPublic domain in the USA.
516 _aElectronic text
653 _aEssays
653 _aLiterature, Modern -- 19th century -- History and criticism
653 _aBiography
830 0 _aProject Gutenberg
_v14203
856 4 0 _uhttp://www.gutenberg.org/ebooks/14203
942 _cEB
999 _c243458
_d243458